| 000 | 00471nam a22001937a 4500 | ||
|---|---|---|---|
| 003 | MPLRDC | ||
| 005 | 20220104190905.0 | ||
| 008 | 210129b ||||| |||| 00| 0 eng d | ||
| 020 | _a978-986-6247-25-5 | ||
| 082 | _a399.54 YYJ | ||
| 100 | _a杨彦杰 | ||
| 245 |
_a搞定荷尔蒙 _c |
||
| 250 | _a初版 | ||
| 260 |
_a台湾 _b养沛文化馆 _c2011 |
||
| 300 | _b平 | ||
| 490 | _aSMART LIVING 养身健康观: 32 | ||
| 650 | _a激素 | ||
| 942 |
_cBK _o399.54 YYJ |
||
| 999 |
_c63997 _d63987 |
||